[Event "Plzen, FSB C"]
[Site "?"]
[Date "2003.??.??"]
[Round "1.1"]
[White "Hadac, P."]
[Black "Vevera, R."]
[Result "0-1"]
[WhiteElo "1744"]
[BlackElo "1977"]
[PlyCount "80"]
[EventDate "2003.??.??"]
[Source "ChessBase"]
[SourceDate "1996.11.15"]

1. d4 Nf6 2. c4 c5 3. Nf3 e6 4. e3 d5 5. Be2 Be7 6. dxc5 Bxc5 7. O-O O-O 8. a3
a5 9. Nc3 Nc6 10. cxd5 exd5 11. Qc2 Bd6 12. Rd1 Be6 13. Nb5 Bb8 14. Bd2 Ne4 15.
Be1 Qf6 16. Nbd4 Bd6 17. Rac1 h5 18. Nxc6 bxc6 19. b4 axb4 20. axb4 Rfc8 21.
Bd3 Ng5 22. Nxg5 Qxg5 23. Bc3 Bg4 24. Be2 Bxe2 25. Qxe2 Rab8 26. Qa6 Qe7 27.
Rb1 Qc7 28. g3 Rb5 29. Qa1 Bf8 30. Rb3 Qb7 31. Rdb1 h4 32. Kg2 c5 33. f3 d4 34.
exd4 cxd4 35. Bxd4 Rc2+ 36. Kh3 hxg3 37. hxg3 Rh5+ 38. Kg4 Qb5 39. Kf4 Qe8 40.
Bc5 Rc4+ 0-1

[Event "Plzen, FSB C"]
[Site "?"]
[Date "2003.??.??"]
[Round "1.2"]
[White "Soukup, A."]
[Black "Zach, T."]
[Result "1-0"]
[WhiteElo "1943"]
[BlackElo "1729"]
[PlyCount "75"]
[EventDate "2003.??.??"]
[Source "ChessBase"]
[SourceDate "1996.11.15"]

1. e4 e5 2. Nf3 Nc6 3. d4 exd4 4. Bc4 Be7 5. O-O d6 6. Nxd4 Nf6 7. Nc3 Ne5 8.
Bb3 c5 9. Ba4+ Bd7 10. Bxd7+ Qxd7 11. Nf5 Rg8 12. Nxe7 Qxe7 13. f4 Ned7 14. Nb5
O-O-O 15. Nxd6+ Kb8 16. e5 Ne8 17. Be3 Nxd6 18. Qxd6+ Qxd6 19. exd6 Rge8 20.
Rfe1 Re6 21. f5 Re5 22. g4 Rde8 23. Bf2 Rxe1+ 24. Rxe1 Rxe1+ 25. Bxe1 Kc8 26.
Bc3 g6 27. Kf2 b5 28. Ke3 b4 29. Bg7 g5 30. Ke4 Nb6 31. Ke5 Nd7+ 32. Kd5 Kd8
33. h3 Kc8 34. Bh6 Kb7 35. Bxg5 Kb6 36. Bd8+ Kb7 37. g5 Kc8 38. Be7 1-0

[Event "Plzen, FSB C"]
[Site "?"]
[Date "2003.??.??"]
[Round "1.3"]
[White "Steinhauser, F."]
[Black "Mrnka, J."]
[Result "0-1"]
[WhiteElo "1709"]
[BlackElo "1908"]
[PlyCount "89"]
[EventDate "2003.??.??"]
[Source "ChessBase"]
[SourceDate "1996.11.15"]

1. e4 d6 2. d4 Nf6 3. Nc3 c6 4. Bg5 Nbd7 5. a4 Qa5 6. Bd2 e5 7. dxe5 dxe5 8.
Bc4 Bb4 9. Qe2 O-O 10. Nf3 b5 11. Bb3 Ba6 12. O-O Bxc3 13. Bxc3 b4 14. Bxb4
Bxe2 15. Bxa5 Bxf1 16. Kxf1 Nxe4 17. Re1 Ndc5 18. Bb4 Rfe8 19. Bxc5 Nxc5 20.
Nxe5 Nxb3 21. cxb3 Re6 22. Nc4 Rae8 23. Rxe6 Rxe6 24. b4 a6 25. Na5 f6 26. b3
Kf7 27. Nb7 Re7 28. Nd8+ Ke8 29. Nxc6 Rb7 30. Ke2 Kd7 31. b5 axb5 32. axb5 Rxb5
33. Nd4 Ra5 34. b4 Ra2+ 35. Ke3 Rb2 36. b5 g6 37. g3 Kd6 38. h4 Kd5 39. f3 Rb4
40. Ne2 Kc5 41. Nc3 Rb3 42. Kd2 Kd4 43. Ne2+ Kc4 44. g4 Rxf3 45. Kc2 0-1

[Event "Plzen, FSB C"]
[Site "?"]
[Date "2003.??.??"]
[Round "1.4"]
[White "Pekar, F."]
[Black "Fairaisl, D."]
[Result "1/2-1/2"]
[WhiteElo "1889"]
[BlackElo "1699"]
[PlyCount "72"]
[EventDate "2003.??.??"]
[Source "ChessBase"]
[SourceDate "1996.11.15"]

1. b3 Nf6 2. Bb2 e6 3. g3 g6 4. Bg2 Bg7 5. e3 O-O 6. Ne2 d5 7. d3 c5 8. Nd2 Nc6
9. O-O Qc7 10. h3 h5 11. a3 Ne7 12. Ra2 Nf5 13. Qa1 Ne8 14. e4 Ne7 15. Bxg7
Nxg7 16. exd5 exd5 17. Nf4 h4 18. Qd1 g5 19. Ne2 Nef5 20. g4 Ne7 21. Nf3 Ne6
22. Qd2 f6 23. d4 b6 24. Re1 Ba6 25. c3 Ng6 26. dxc5 Qxc5 27. Nfd4 Nef4 28.
Nxf4 Nxf4 29. Ne6 Nxe6 30. Rxe6 Rad8 31. b4 Qc4 32. Ra1 d4 33. Rc6 dxc3 34.
Qxc3 Qxc3 35. Rxc3 Rd6 36. Rc7 Rf7 1/2-1/2

[Event "Plzen, FSB C"]
[Site "?"]
[Date "2003.??.??"]
[Round "1.5"]
[White "Albrecht, J."]
[Black "Vrana, P."]
[Result "0-1"]
[WhiteElo "1695"]
[BlackElo "1885"]
[PlyCount "85"]
[EventDate "2003.??.??"]
[Source "ChessBase"]
[SourceDate "1996.11.15"]

1. c4 f5 2. d4 Nf6 3. Nc3 d6 4. Nf3 g6 5. g3 c6 6. Bg2 Bg7 7. a4 Qc7 8. Bf4 Nh5
9. Bd2 e5 10. dxe5 dxe5 11. e4 f4 12. Qc2 Be6 13. b3 Na6 14. Na2 Rd8 15. Ng5
Bc8 16. b4 Qe7 17. Nf3 O-O 18. O-O g5 19. Bc3 g4 20. Nd2 f3 21. Bh1 Nf6 22. c5
Be6 23. Bxe5 Nxe4 24. Bxg7 Rxd2 25. Qxe4 Kxg7 26. Rfe1 Re8 27. Nc3 Qf6 28. Rac1
Bd7 29. Qc4 Rd4 30. Qb3 Rxb4 31. Qc2 Bf5 32. Qd2 Rd4 33. Qb2 Rxe1+ 34. Rxe1
Nxc5 35. Qa3 Ne4 36. Nd1 b5 37. Qa2 Rxa4 38. Qc2 Rc4 39. Qb2 Ra4 40. Qxf6+ Kxf6
41. Ne3 Rd4 42. h3 h5 43. Rd1 0-1

[Event "Plzen, FSB C"]
[Site "?"]
[Date "2003.??.??"]
[Round "1.6"]
[White "Hruby, V."]
[Black "Huttner, M."]
[Result "0-1"]
[WhiteElo "1874"]
[BlackElo "1674"]
[PlyCount "72"]
[EventDate "2003.??.??"]
[Source "ChessBase"]
[SourceDate "1996.11.15"]

1. c4 e5 2. Nc3 Nf6 3. e4 Nc6 4. f4 d6 5. h3 Be7 6. d3 Bd7 7. Nf3 O-O 8. Be2
exf4 9. Bxf4 Nh5 10. Bh2 Bh4+ 11. Kd2 Ng3 12. Rg1 Bg5+ 13. Kc2 Nxe2 14. Qxe2
Qf6 15. Raf1 Nd4+ 16. Nxd4 Qxd4 17. Rf3 b5 18. cxb5 Bxb5 19. Rf5 Ba4+ 20. b3
Be3 21. Re1 Bxb3+ 22. axb3 Bh6 23. Bg1 Qb4 24. Ra1 Rab8 25. Rb1 Rb7 26. d4 Rfb8
27. Nd5 Qa3 28. Rf3 c6 29. Ne3 Rxb3 30. Rxb3 Rxb3 31. Kd2 Qb4+ 32. Kd1 Rb1+ 33.
Kc2 Qb3+ 34. Kd2 Qa2+ 35. Kd3 Rb3+ 36. Kc4 Qa4# 0-1

[Event "Plzen, FSB C"]
[Site "?"]
[Date "2003.??.??"]
[Round "1.7"]
[White "Pasek, M."]
[Black "Vrkota, M."]
[Result "0-1"]
[WhiteElo "1669"]
[BlackElo "1870"]
[PlyCount "80"]
[EventDate "2003.??.??"]
[Source "ChessBase"]
[SourceDate "1996.11.15"]

1. c4 e5 2. Nc3 f5 3. g3 Nf6 4. Bg2 d6 5. d3 c6 6. e4 Be7 7. Nge2 a5 8. f4 Na6
9. O-O exf4 10. Nxf4 O-O 11. b3 fxe4 12. Nxe4 Nxe4 13. Bxe4 Nc5 14. Bg2 Bf6 15.
Rb1 Bf5 16. Be3 g5 17. Nh5 Bxd3 18. Nxf6+ Rxf6 19. Rxf6 Qxf6 20. Bxc5 Bxb1 21.
Bd4 Qf5 22. Bc3 Bd3 23. Qe1 Kf7 24. Qe3 Re8 25. Qd4 Qc5 26. Qxc5 dxc5 27. Bxa5
Ra8 28. Bd2 Rxa2 29. Bxg5 Rb2 30. Be3 Rxb3 31. Bxc5 Bxc4 32. Be4 Bd3 33. Bf3
Rb2 34. Bd4 Rc2 35. Bg4 Be4 36. Bb6 c5 37. Bd7 c4 38. Ba4 Rg2+ 39. Kf1 Rxh2 40.
Bd4 Ra2 0-1

[Event "Plzen, FSB C"]
[Site "?"]
[Date "2003.??.??"]
[Round "1.8"]
[White "Baborovsky, J."]
[Black "Machalek, M."]
[Result "1-0"]
[WhiteElo "1862"]
[BlackElo "1662"]
[PlyCount "85"]
[EventDate "2003.??.??"]
[Source "ChessBase"]
[SourceDate "1996.11.15"]

1. e4 e5 2. Nf3 Nf6 3. Nc3 Nc6 4. Bc4 Be7 5. d4 exd4 6. Nxd4 O-O 7. O-O d6 8.
h3 Nxe4 9. Nxc6 bxc6 10. Nxe4 d5 11. Bd3 dxe4 12. Bxe4 Bb7 13. Qh5 g6 14. Qf3
Qd7 15. Bh6 Rfe8 16. Qc3 Bf8 17. Bxf8 Rxf8 18. Rad1 Qe6 19. Rfe1 Qxa2 20. b3
Qa6 21. Rd4 c5 22. Qxc5 Bxe4 23. Rdxe4 Qb6 24. Rc4 Qxc5 25. Rxc5 Rfc8 26. Ra1
c6 27. Ra6 Kf8 28. Raxc6 Rxc6 29. Rxc6 a5 30. Rc4 Ke7 31. Kf1 Kd6 32. Ke2 Re8+
33. Kd2 Re5 34. f4 Re7 35. Ra4 Ra7 36. b4 Kc6 37. Rxa5 Rxa5 38. bxa5 Kb5 39.
Kc3 Kxa5 40. Kc4 Kb6 41. Kd5 Kc7 42. c4 h6 43. Ke5 1-0

[Event "Plzen, FSB C"]
[Site "?"]
[Date "2003.??.??"]
[Round "1.9"]
[White "Kanka, J."]
[Black "Hava, J."]
[Result "0-1"]
[WhiteElo "1654"]
[BlackElo "1861"]
[PlyCount "26"]
[EventDate "2003.??.??"]
[Source "ChessBase"]
[SourceDate "1996.11.15"]

1. e4 c5 2. c4 Nc6 3. Nf3 Nf6 4. Nc3 d6 5. Be2 Bg4 6. d3 g6 7. h3 Bxf3 8. Bxf3
Bg7 9. Be3 Nd7 10. g4 Qa5 11. Qd2 Nde5 12. Bg2 Nb4 13. Bf1 Nf3+ 0-1

[Event "Plzen, FSB C"]
[Site "?"]
[Date "2003.??.??"]
[Round "1.10"]
[White "Tichy, S."]
[Black "Vojir sr., V."]
[Result "1-0"]
[WhiteElo "1852"]
[BlackElo "1645"]
[PlyCount "65"]
[EventDate "2003.??.??"]
[Source "ChessBase"]
[SourceDate "1996.11.15"]

1. Nf3 c6 2. d4 d5 3. Bf4 Bf5 4. e3 Nf6 5. Be2 h6 6. O-O e6 7. c4 Bd6 8. Ne5
O-O 9. Qb3 Qb6 10. Qxb6 axb6 11. Nxc6 Bxf4 12. Ne7+ Kh8 13. Nxf5 Bxh2+ 14. Kxh2
exf5 15. Nc3 Rd8 16. Nxd5 Nxd5 17. cxd5 Rxd5 18. Bf3 Rd7 19. Rac1 Na6 20. Rc3
Nc7 21. a3 Ra7 22. Rfc1 Ne6 23. Rb3 Rd6 24. Rc4 Ng5 25. Rc7 Nxf3+ 26. gxf3 Kg8
27. Rc8+ Kh7 28. Rbc3 Rg6 29. f4 Re6 30. R3c7 Kg6 31. Rb8 Rc6 32. Rxc6+ bxc6
33. Rxb6 1-0

[Event "Plzen, FSB C"]
[Site "?"]
[Date "2003.??.??"]
[Round "1.11"]
[White "Stanek, V."]
[Black "Lexa, J."]
[Result "1-0"]
[WhiteElo "1635"]
[BlackElo "1842"]
[PlyCount "53"]
[EventDate "2003.??.??"]
[Source "ChessBase"]
[SourceDate "1996.11.15"]

1. e4 d5 2. exd5 Nf6 3. d4 Nxd5 4. Nf3 Bg4 5. Be2 e6 6. Bg5 Be7 7. Bxe7 Qxe7 8.
c3 O-O 9. O-O Nd7 10. Nbd2 Rad8 11. h3 Bh5 12. Qa4 a6 13. Rfe1 Nf4 14. Qb3 Nb6
15. Kh2 Nbd5 16. g3 Nxe2 17. Rxe2 Qf6 18. c4 Nb6 19. Kg2 Rfe8 20. Rae1 Kf8 21.
d5 exd5 22. Qb4+ Qd6 23. c5 a5 24. Qa3 Bxf3+ 25. Nxf3 Nc4 26. cxd6 Nxa3 27.
dxc7 1-0

[Event "Plzen, FSB C"]
[Site "?"]
[Date "2003.??.??"]
[Round "1.12"]
[White "Vlk, M."]
[Black "Wadura, R."]
[Result "1-0"]
[WhiteElo "1840"]
[BlackElo "1635"]
[PlyCount "67"]
[EventDate "2003.??.??"]
[Source "ChessBase"]
[SourceDate "1996.11.15"]

1. c4 e5 2. Nc3 Nf6 3. Nf3 Nc6 4. e3 d5 5. cxd5 Nxd5 6. Bb5 Nde7 7. Nxe5 Bd7 8.
Nxd7 Qxd7 9. d4 O-O-O 10. Qf3 f5 11. h4 g6 12. b3 a6 13. Be2 Nb4 14. O-O Ned5
15. Bb2 Be7 16. g3 h6 17. Bc4 Nf6 18. a3 Nbd5 19. Nxd5 Nxd5 20. Rac1 g5 21.
hxg5 hxg5 22. Bxd5 Qxd5 23. Qxd5 Rxd5 24. Kg2 Rb5 25. Rc3 g4 26. Rfc1 Bd6 27.
Rd3 Rh7 28. a4 Rb6 29. d5 Bb4 30. Rh1 Rxh1 31. Kxh1 Rh6+ 32. Kg2 Be1 33. Be5
Rc6 34. dxc6 1-0

[Event "Plzen, FSB C"]
[Site "?"]
[Date "2003.??.??"]
[Round "1.13"]
[White "Strejcek, P."]
[Black "Kral, P."]
[Result "0-1"]
[WhiteElo "1628"]
[BlackElo "1828"]
[PlyCount "78"]
[EventDate "2003.??.??"]
[Source "ChessBase"]
[SourceDate "1996.11.15"]

1. d4 d5 2. c4 dxc4 3. Nf3 Nf6 4. e3 e6 5. Bxc4 Be7 6. O-O O-O 7. Nc3 a6 8. Qc2
c5 9. dxc5 Bxc5 10. Bd2 Nc6 11. a3 Bd6 12. Ne4 Nxe4 13. Qxe4 Qe7 14. Bc3 f5 15.
Qc2 b5 16. Ba2 Bb7 17. Rfd1 Rac8 18. Qe2 Kh8 19. Rd2 Rcd8 20. Rad1 e5 21. b4
Rf6 22. Ng5 Bc7 23. Rxd8+ Nxd8 24. Qh5 g6 25. Qh6 Nc6 26. Nxh7 Qxh7 27. Qxh7+
Kxh7 28. Rd7+ Kh6 29. Rxc7 Rd6 30. f4 Rd1+ 31. Kf2 Rc1 32. Bg8 g5 33. Bxe5 Nxe5
34. Rxb7 gxf4 35. exf4 Ng4+ 36. Ke2 Rc2+ 37. Kd3 Rxg2 38. Rh7+ Kg6 39. Rh3 Nf2+
0-1

[Event "Plzen, FSB C"]
[Site "?"]
[Date "2003.??.??"]
[Round "1.14"]
[White "Lener, J."]
[Black "Koubek, J."]
[Result "1/2-1/2"]
[WhiteElo "1823"]
[BlackElo "1612"]
[PlyCount "52"]
[EventDate "2003.??.??"]
[Source "ChessBase"]
[SourceDate "1996.11.15"]

1. Nf3 Nf6 2. b3 g6 3. Bb2 Bg7 4. d3 d5 5. Nbd2 c5 6. e3 Nc6 7. Ne5 O-O 8. Nxc6
bxc6 9. Be2 Rb8 10. O-O Re8 11. Rb1 a5 12. a4 e5 13. e4 Qc7 14. Bf3 Be6 15. Re1
Nd7 16. Bg4 Nb6 17. Bxe6 Rxe6 18. Qe2 Rf8 19. Ba3 Nd7 20. Qf3 Qb7 21. Qh3 g5
22. Qf5 h6 23. Re3 Rfe8 24. Rf3 Rf6 25. Qh3 Rf4 26. Rxf4 exf4 1/2-1/2

[Event "Plzen, FSB C"]
[Site "?"]
[Date "2003.??.??"]
[Round "1.16"]
[White "Dvorak, M."]
[Black "Bolek, M."]
[Result "0-1"]
[WhiteElo "1802"]
[BlackElo "1524"]
[PlyCount "122"]
[EventDate "2003.??.??"]
[Source "ChessBase"]
[SourceDate "1996.11.15"]

1. e4 d6 2. d4 Nf6 3. Nc3 g6 4. Be2 Bg7 5. Nf3 O-O 6. O-O c5 7. Bg5 cxd4 8.
Nxd4 Nc6 9. Nxc6 bxc6 10. Qd2 Qb6 11. Rab1 Re8 12. Be3 Qc7 13. h3 Bb7 14. Bf3
Nd7 15. Rfe1 Ne5 16. Be2 a5 17. b3 Red8 18. Na4 c5 19. f4 Nc6 20. c3 Na7 21.
Qc2 Bc6 22. Nb2 d5 23. Bxc5 dxe4 24. Be3 Bh6 25. Rf1 e5 26. Qc1 exf4 27. Bxf4
Bxf4 28. Rxf4 Rd6 29. Bc4 Rf8 30. Qe3 Ba8 31. Rbf1 Rd7 32. Rh4 Kh8 33. Rf6 Kg7
34. Rf1 Kh8 35. Qh6 Qc5+ 36. Kh1 f5 37. Qxg6 Rg7 38. Qh6 e3 39. Rg1 Qe7 40. Be2
Rf6 41. Qh5 Rfg6 42. Rf4 Bxg2+ 43. Rxg2 Rxg2 44. Qf3 Qd8 45. Nd3 Qb8 46. Qxg2
Rxg2 47. Kxg2 Qb7+ 48. Bf3 Qg7+ 49. Kf1 Qxc3 50. Be2 Qa1+ 51. Ne1 Qxa2 52. Bc4
Qh2 53. Rf3 f4 54. Nd3 Qh1+ 55. Ke2 Qg2+ 56. Nf2 exf2 57. Rxf2 Qe4+ 58. Kf1 Nc6
59. Re2 Qf3+ 60. Ke1 Nd4 61. Re5 Nxb3 0-1

[Event "Plzen, FSB C"]
[Site "?"]
[Date "2003.??.??"]
[Round "1.17"]
[White "Mede, M."]
[Black "Srubar, P."]
[Result "0-1"]
[WhiteElo "1509"]
[BlackElo "1799"]
[PlyCount "124"]
[EventDate "2003.??.??"]
[Source "ChessBase"]
[SourceDate "1996.11.15"]

1. e4 c5 2. Nf3 Nc6 3. Bb5 d6 4. Bxc6+ bxc6 5. e5 d5 6. d4 cxd4 7. Qxd4 e6 8.
Bg5 Be7 9. Bxe7 Nxe7 10. Nc3 Qb6 11. O-O-O Qxd4 12. Nxd4 O-O 13. f4 Bd7 14. g4
c5 15. Ndb5 d4 16. Na3 Bc6 17. Ncb5 Bxh1 18. Rxh1 Nd5 19. f5 exf5 20. gxf5 Ne3
21. Nd6 a6 22. Kd2 Rfd8 23. Re1 f6 24. Nac4 fxe5 25. Kd3 Rf8 26. Nxe3 dxe3 27.
Kxe3 Rad8 28. Nb7 Rb8 29. Nxc5 Rxb2 30. Nxa6 Rxf5 31. Ke4 g6 32. a4 Rxc2 33.
Kd5 Kf7 34. h4 Ra2 35. Nc5 e4+ 36. Kd4 Rxc5 37. Kxc5 Rxa4 38. Kb5 Rd4 39. Kc5
Rd7 40. Rxe4 Kg7 41. Kc6 Rd1 42. Kc5 Kh6 43. Kc4 Kh5 44. Kc3 Rh1 45. Re7 h6 46.
Kd3 Rxh4 47. Ke3 g5 48. Kf3 Rf4+ 49. Kg3 Rf6 50. Re4 Ra6 51. Re3 Kg6 52. Re8
Ra3+ 53. Kg2 Kh5 54. Re4 g4 55. Re5+ Kh4 56. Rb5 Ra2+ 57. Kg1 h5 58. Rb3 g3 59.
Rb5 Kg4 60. Kf1 h4 61. Rb4+ Kh3 62. Rb3 Kh2 0-1

[Event "Plzen, FSB C"]
[Site "?"]
[Date "2003.??.??"]
[Round "1.18"]
[White "Rouc, M."]
[Black "Hava, R."]
[Result "0-1"]
[WhiteElo "1793"]
[BlackElo "1472"]
[PlyCount "48"]
[EventDate "2003.??.??"]
[Source "ChessBase"]
[SourceDate "1996.11.15"]

1. e4 e5 2. Nf3 Nf6 3. d4 exd4 4. Qxd4 Nc6 5. Qe3 d6 6. Bc4 Ne5 7. Nxe5 dxe5 8.
O-O Ng4 9. Qb3 Qf6 10. f3 Bc5+ 11. Kh1 Nf2+ 12. Rxf2 Bxf2 13. Nc3 O-O 14. Nd5
Qd6 15. Bg5 Qd7 16. Be7 Re8 17. Nf6+ gxf6 18. Bxf7+ Kg7 19. Bxe8 Qxe8 20. Bb4
Be6 21. Qc3 Qd7 22. Rf1 Bd4 23. Qa3 Qb5 24. Re1 Qc4 0-1

[Event "Plzen, FSB C"]
[Site "?"]
[Date "2003.??.??"]
[Round "1.19"]
[White "Kracik, M."]
[Black "Nathansky, D."]
[Result "0-1"]
[WhiteElo "1438"]
[BlackElo "1792"]
[PlyCount "60"]
[EventDate "2003.??.??"]
[Source "ChessBase"]
[SourceDate "1996.11.15"]

1. e4 e5 2. Nf3 Nc6 3. Bc4 Nf6 4. Nc3 Nxe4 5. Nxe4 d5 6. Bd3 dxe4 7. Bxe4 Bd6
8. c3 f5 9. Bd5 e4 10. Bxc6+ bxc6 11. Nd4 c5 12. Ne2 O-O 13. d3 Ba6 14. d4 Kh8
15. g3 Qe8 16. Be3 Rd8 17. Qc2 Bd3 18. Qd2 cxd4 19. Bxd4 Qh5 20. Qe3 a5 21. Kd2
Rb8 22. b3 Rfc8 23. Rag1 c5 24. Bxg7+ Kxg7 25. Nf4 Bxf4 26. gxf4+ Kf6 27. Rg5
Qh4 28. f3 a4 29. fxe4 Bxe4 30. c4 Bxh1 0-1

[Event "Plzen, FSB C"]
[Site "?"]
[Date "2003.??.??"]
[Round "1.20"]
[White "Kral, P."]
[Black "Dostal, K."]
[Result "1-0"]
[WhiteElo "1773"]
[BlackElo "1415"]
[PlyCount "89"]
[EventDate "2003.??.??"]
[Source "ChessBase"]
[SourceDate "1996.11.15"]

1. e4 e5 2. Nf3 Nc6 3. Nc3 Nf6 4. Bb5 d6 5. d4 exd4 6. Qxd4 Bd7 7. Bxc6 Bxc6 8.
Bg5 Be7 9. O-O-O O-O 10. Rhe1 Re8 11. h3 a5 12. Qc4 Nd7 13. Bxe7 Qxe7 14. Nd5
Bxd5 15. exd5 Ne5 16. Qc3 f6 17. Nd4 Qd7 18. Re3 c5 19. dxc6 Nxc6 20. Rde1 Rxe3
21. Rxe3 Nxd4 22. Qxd4 Kf8 23. Qe4 f5 24. Qe6 Qxe6 25. Rxe6 Rd8 26. Kd2 Kf7 27.
Re3 Re8 28. Rb3 Re7 29. Rb5 Re5 30. Rxb7+ Kf6 31. Rb3 h5 32. Rd3 d5 33. Rd4 g5
34. Ra4 Re4 35. Rxa5 Ke5 36. c3 g4 37. hxg4 Rxg4 38. g3 f4 39. Ra4 h4 40. gxh4
Rxh4 41. Rd4 Rh1 42. a4 Rb1 43. Rb4 Ra1 44. Ke2 Rc1 45. a5 1-0

[Event "Plzen, FSB C"]
[Site "?"]
[Date "2003.??.??"]
[Round "1.22"]
[White "Pokomandy, M."]
[Black "Neumanova, M."]
[Result "1/2-1/2"]
[WhiteElo "1754"]
[BlackElo "1346"]
[PlyCount "38"]
[EventDate "2003.??.??"]
[Source "ChessBase"]
[SourceDate "1996.11.15"]

1. d4 Nf6 2. Nf3 d5 3. c4 e6 4. Nc3 c6 5. e3 Nbd7 6. Bd3 dxc4 7. Bxc4 Nd5 8.
O-O Be7 9. Bd2 O-O 10. a3 a5 11. e4 Nc7 12. Ne2 b6 13. Bc3 Nf6 14. Bd3 Bb7 15.
Ng3 c5 16. Rc1 Na6 17. Re1 cxd4 18. Bxd4 Nc5 19. Bb1 Rc8 1/2-1/2

[Event "Plzen, FSB C"]
[Site "?"]
[Date "2003.??.??"]
[Round "2.2"]
[White "Nathansky, D."]
[Black "Soukup, A."]
[Result "0-1"]
[WhiteElo "1792"]
[BlackElo "1943"]
[PlyCount "78"]
[EventDate "2003.??.??"]
[Source "ChessBase"]
[SourceDate "1996.11.15"]

1. e4 d6 2. d4 g6 3. Nc3 Bg7 4. Be3 Nc6 5. Qd2 Nf6 6. Nf3 Bg4 7. h3 Bxf3 8.
gxf3 e5 9. d5 Ne7 10. O-O-O a6 11. h4 Nh5 12. Bh3 f5 13. Bg5 f4 14. Be6 Bf6 15.
Rdg1 h6 16. Bxf6 Nxf6 17. Qd3 Nd7 18. Qf1 Nf8 19. Qh3 Ng8 20. Rg2 Nf6 21. Rhg1
Qe7 22. a3 N6d7 23. Bxd7+ Qxd7 24. Qxd7+ Kxd7 25. a4 Ke7 26. a5 Kf6 27. Nb1 h5
28. Nc3 Rg8 29. Kd2 Rg7 30. Ne2 Nh7 31. Rh1 g5 32. Ng1 Rag8 33. hxg5+ Rxg5 34.
Rxg5 Kxg5 35. Ke2 h4 36. Nh3+ Kh5 37. Kf1 b6 38. axb6 cxb6 39. c3 a5 0-1

[Event "Plzen, FSB C"]
[Site "?"]
[Date "2003.??.??"]
[Round "2.3"]
[White "Mrnka, J."]
[Black "Kral, P."]
[Result "1/2-1/2"]
[WhiteElo "1908"]
[BlackElo "1773"]
[PlyCount "94"]
[EventDate "2003.??.??"]
[Source "ChessBase"]
[SourceDate "1996.11.15"]

1. e4 e5 2. Bc4 Nf6 3. Qe2 Nc6 4. Nf3 Bc5 5. c3 d6 6. d3 Bb6 7. Bb3 O-O 8. Bg5
Be6 9. Bc2 Qd7 10. h3 Ne8 11. g4 f6 12. Be3 Bxe3 13. Qxe3 d5 14. Nbd2 Nd6 15.
O-O-O Qf7 16. g5 dxe4 17. dxe4 a5 18. Rdg1 Bxa2 19. Rg3 f5 20. Qc5 f4 21. g6
Qf6 22. gxh7+ Kh8 23. Rg5 a4 24. Rhg1 Ra5 25. Qa3 Be6 26. Nh4 Kxh7 27. Ng6 Kg8
28. Nxf8 Qxf8 29. h4 Qf7 30. Bd3 Nb5 31. Bxb5 Rxb5 32. h5 Kh7 33. Rxg7+ Qxg7
34. Rxg7+ Kxg7 35. h6+ Kxh6 36. Qf8+ Kg6 37. Nf3 Ra5 38. Qe8+ Bf7 39. Qd7 a3
40. Qg4+ Kf6 41. Qg5+ Ke6 42. bxa3 Rxa3 43. Kb2 Ra5 44. Qf5+ Ke7 45. Ng5 Bc4
46. f3 Ra2+ 47. Kb1 Rh2 1/2-1/2

[Event "Plzen, FSB C"]
[Site "?"]
[Date "2003.??.??"]
[Round "2.4"]
[White "Vrana, P."]
[Black "Bartonicek jr., Z."]
[Result "1/2-1/2"]
[WhiteElo "1885"]
[BlackElo "1750"]
[PlyCount "78"]
[EventDate "2003.??.??"]
[Source "ChessBase"]
[SourceDate "1996.11.15"]

1. e4 c5 2. Nc3 Nc6 3. f4 e5 4. d3 d6 5. Nf3 Bg4 6. h3 Bxf3 7. Qxf3 Nd4 8. Qf2
Nf6 9. g4 Be7 10. f5 Nd5 11. f6 Nxf6 12. Kd1 Nd7 13. h4 Nb6 14. Be2 Qd7 15. a4
a5 16. Nd5 Nxd5 17. exd5 O-O-O 18. Ra3 f5 19. gxf5 Qxf5 20. Qxf5+ Nxf5 21. Bg4
Rdf8 22. Bd2 b6 23. c3 Kb7 24. h5 g6 25. Rh3 gxh5 26. Rxh5 Ng3 27. Rh3 Rf1+ 28.
Kc2 Nf5 29. Rf3 Rxf3 30. Bxf3 h5 31. Ra1 h4 32. Bg4 Ng3 33. Bh3 Rf8 34. Be1 Bg5
35. Bxg3 hxg3 36. Rf1 Bf4 37. Bg2 Rh8 38. Rh1 Rxh1 39. Bxh1 Kc7 1/2-1/2

[Event "Plzen, FSB C"]
[Site "?"]
[Date "2003.??.??"]
[Round "2.5"]
[White "Vrkota, M."]
[Black "Soutner, J."]
[Result "1-0"]
[WhiteElo "1870"]
[BlackElo "1695"]
[PlyCount "79"]
[EventDate "2003.??.??"]
[Source "ChessBase"]
[SourceDate "1996.11.15"]

1. e4 e5 2. Nc3 Nf6 3. Bc4 Bc5 4. d3 d6 5. Bg5 h6 6. Bh4 Be6 7. Bxe6 fxe6 8.
Qd2 Nc6 9. O-O-O Qe7 10. f3 a6 11. Kb1 O-O-O 12. Nh3 g5 13. Bf2 Bxf2 14. Nxf2
Nh5 15. Ne2 Nf4 16. Nxf4 gxf4 17. c3 Qg7 18. Rhg1 Rdg8 19. d4 exd4 20. cxd4 e5
21. d5 Nd4 22. Nd3 Qd7 23. Nxf4 exf4 24. Qxd4 Kb8 25. Qd2 Qf7 26. Qe2 Rg5 27.
g3 Rhg8 28. g4 h5 29. h3 h4 30. Rc1 Qd7 31. Rc3 Qb5 32. Qxb5 axb5 33. Rgc1 Rc8
34. Rb3 c6 35. dxc6 bxc6 36. a4 Kb7 37. axb5 cxb5 38. Rxc8 Kxc8 39. Rd3 Kc7 40.
Rd5 1-0

[Event "Plzen, FSB C"]
[Site "?"]
[Date "2003.??.??"]
[Round "2.6"]
[White "Huttner, M."]
[Black "Baborovsky, J."]
[Result "0-1"]
[WhiteElo "1674"]
[BlackElo "1862"]
[PlyCount "76"]
[EventDate "2003.??.??"]
[Source "ChessBase"]
[SourceDate "1996.11.15"]

1. e4 e5 2. Nf3 Nc6 3. Bb5 d6 4. d4 exd4 5. Nxd4 Bd7 6. Nc3 Ne5 7. Bxd7+ Qxd7
8. O-O Nf6 9. Re1 O-O-O 10. Nf3 h6 11. Bf4 Nc6 12. Nd5 Be7 13. c4 g5 14. Nxf6
Bxf6 15. Be3 Bxb2 16. Rb1 Bf6 17. Qa4 b6 18. Rb5 Kb7 19. Reb1 Rb8 20. Rf5 Ne5
21. Qxd7 Nxd7 22. Bd4 Bxd4 23. Nxd4 Rhf8 24. f4 gxf4 25. Rf1 Ne5 26. R1xf4 Rbe8
27. Rf6 Nxc4 28. Rxh6 Nd2 29. Rhh4 Re5 30. Nf3 Nxf3+ 31. gxf3 Ra5 32. Rh7 Rg8+
33. Kf1 Rxa2 34. Rfxf7 Rc2 35. Rhg7 Rxg7 36. Rxg7 Rxh2 37. Kg1 Re2 38. Re7 a5
0-1

[Event "Plzen, FSB C"]
[Site "?"]
[Date "2003.??.??"]
[Round "2.7"]
[White "Hava, J."]
[Black "Stanek, V."]
[Result "1-0"]
[WhiteElo "1861"]
[BlackElo "1635"]
[PlyCount "109"]
[EventDate "2003.??.??"]
[Source "ChessBase"]
[SourceDate "1996.11.15"]

1. e4 d6 2. d4 g6 3. Nc3 Bg7 4. f4 Nf6 5. Be2 Nc6 6. d5 Nb8 7. Nf3 c6 8. Be3 c5
9. h3 a6 10. a4 b6 11. g4 h5 12. g5 Nfd7 13. Bc4 O-O 14. Qd2 Kh7 15. O-O-O b5
16. Bb3 bxa4 17. Nxa4 Nb6 18. Qa5 N8d7 19. Nd2 Rb8 20. c3 Nxa4 21. Qxd8 Rxd8
22. Bxa4 Nb6 23. Bb3 Bd7 24. Bc4 Na4 25. Bb3 Nb6 26. Kc2 a5 27. Ra1 a4 28. Bc4
Rb7 29. Ba6 Ra7 30. Be2 Rb7 31. Rhb1 Bxh3 32. Bf2 Bd7 33. Nf1 Rc8 34. Ne3 e6
35. Rd1 exd5 36. Nxd5 Nxd5 37. Rxd5 Bc6 38. Rxd6 Bxe4+ 39. Bd3 Bf8 40. Rf6
Bxd3+ 41. Kxd3 c4+ 42. Kc2 Re7 43. Bd4 Re2+ 44. Kd1 Re7 45. Rxa4 h4 46. f5 Bg7
47. fxg6+ fxg6 48. Rf4 Bxd4 49. Rxh4+ Kg7 50. Rxd4 Rf8 51. Raxc4 Rf5 52. b4
Rxg5 53. Rg4 Rf5 54. Rce4 Rd7+ 55. Ke2 1-0

[Event "Plzen, FSB C"]
[Site "?"]
[Date "2003.??.??"]
[Round "2.8"]
[White "Bolek, M."]
[Black "Tichy, S."]
[Result "0-1"]
[WhiteElo "1524"]
[BlackElo "1852"]
[PlyCount "58"]
[EventDate "2003.??.??"]
[Source "ChessBase"]
[SourceDate "1996.11.15"]

1. d4 d5 2. c4 e6 3. Nc3 Nf6 4. Bg5 Be7 5. e3 O-O 6. Nf3 h6 7. Bh4 Nbd7 8. Be2
dxc4 9. Bxc4 Nb6 10. Bb3 Nbd5 11. Rc1 c6 12. O-O Qa5 13. Bxf6 Nxc3 14. bxc3
Bxf6 15. c4 b6 16. Qd3 Rd8 17. Qe4 Bb7 18. Rfd1 Rd7 19. Rd3 c5 20. d5 exd5 21.
cxd5 Rad8 22. Rcd1 b5 23. R3d2 Bc3 24. Rd3 c4 25. Bxc4 bxc4 26. Qxc4 Bf6 27. e4
Ba6 28. Qc6 Bxd3 29. Rxd3 Rc7 0-1